[Event "Krasnodar"]
[Site "Krasnodar"]
[Date "1998.??.??"]
[Round "4"]
[White "Tregubov, Pavel V"]
[Black "Brodsky, Michail"]
[Result "1-0"]
[WhiteElo "2560"]
[BlackElo "2545"]

1.d4 Nf6 2.c4 e6 3.Nf3 b6 4.g3 Ba6 5.Nbd2 Bb7 6.Bg2 c5 7.e4 cxd4 8.O-O d6
9.Nxd4 Qc8 10.a4 Nc6 11.Nxc6 Bxc6 12.b4 Be7 13.b5 Bb7 14.a5 Rb8 15.Bb2 O-O
16.a6 Ba8 17.e5 dxe5 18.Bxe5 Bxg2 19.Kxg2 Ra8 20.Qe2 Nd7 21.Nf3 Bc5 22.Rfd1 Re8
23.Bd6 e5 24.Ng5 h6 25.Bxc5 Nxc5 26.Ne4 Re7 27.Rd5 Nxe4 28.Qxe4 f5 29.Qe3 e4
30.Rad1 Qe6 31.Qf4 Rf8 32.Rd8 Rf7 33.R1d5 Rxd8 34.Rxd8+ Kh7 35.Rd5 Qc8 36.h4 g6
37.h5 gxh5 38.Rd6 Qf8 39.Rc6 Qg7 40.c5 bxc5 41.b6 axb6 42.a7 Qf8 43.a8=Q  1-0

[Event "Krasnodar"]
[Site "Krasnodar"]
[Date "1998.??.??"]
[Round "8"]
[White "Tregubov, Pavel V"]
[Black "Averkin, Orest N"]
[Result "1-0"]
[WhiteElo "2560"]
[BlackElo "2430"]

1.d4 Nf6 2.c4 e6 3.Nf3 b6 4.g3 Ba6 5.Nbd2 d5 6.Bg2 Be7 7.cxd5 exd5 8.Ne5 O-O
9.O-O Bb7 10.Qc2 c5 11.Rd1 Na6 12.dxc5 Nxc5 13.Nb3 Rc8 14.Nxc5 Bxc5 15.Qf5 g6
16.Qf3 Ne4 17.Nd3 Bd4 18.Bh6 Re8 19.Rac1 Rxc1 20.Rxc1 Ba6 21.e3 Bh8 22.Qd1 Bxd3
23.Qxd3 Bxb2 24.Rd1 Bg7 25.Bxg7  1-0

[Event "RUS-Cup"]
[Site "Krasnoiarsk"]
[Date "1998.??.??"]
[Round "8"]
[White "Ivanov, Timur"]
[Black "Kastanieda, Georgiy"]
[Result "0-1"]
[WhiteElo "2380"]
[BlackElo "2395"]

1.Nf3 Nf6 2.c4 b6 3.d4 e6 4.g3 Ba6 5.Nbd2 c5 6.Bg2 Nc6 7.dxc5 bxc5 8.O-O Be7
9.e4 O-O 10.b3 d6 11.Bb2 Qc7 12.Re1 Bb7 13.Nb1 Rfd8 14.Nc3 a6 15.Qd2 Nd7
16.h3 Nde5 17.Nh2 Nb4 18.Re3 Bf6 19.Rd1 h5 20.h4 Qa5 21.f4 Ng6 22.Re2 Nf8
23.Nf3 Rd7 24.Qe1 Rad8 25.Kh1 Nh7 26.Red2 Be7 27.Ne5 Rc7 28.a3 Nc6 29.Na4 Rcc8
30.Bc3 Qc7 31.Nxc6 Bxc6 32.Rd3 Re8 33.Nb2 Qb7 34.b4 Nf6 35.Bxf6 Bxf6 36.Qe2 cxb4
37.axb4 Qxb4 38.e5 dxe5 39.Bxc6 Rxc6 40.fxe5 Be7 41.Rd7 g6 42.Qf3 Rcc8 43.Rf1 Rf8
44.Nd3 Qa3 45.c5 Rcd8 46.Rxd8 Bxd8 47.Qe4 Bc7 48.Kg2 Qc3 49.Rf3 a5 50.Kh3 Qa1
51.Rf6 Kg7 52.Rf2 a4  0-1

[Event "RUS-Cup"]
[Site "Krasnoiarsk"]
[Date "1998.??.??"]
[Round "8"]
[White "Burmakin, Vladimir"]
[Black "Shariyazdanov, Andrey"]
[Result "1/2-1/2"]
[WhiteElo "2550"]
[BlackElo "2495"]

1.d4 Nf6 2.Nf3 e6 3.c4 b6 4.g3 Ba6 5.b3 Bb4+ 6.Bd2 Be7 7.Bg2 c6 8.Bc3 d5
9.Nbd2 Nbd7 10.O-O O-O 11.Re1 c5 12.cxd5 exd5 13.dxc5 Nxc5 14.Bb2 Re8 15.b4 Nce4
16.Qa4 Bb7 17.Nxe4 dxe4 18.Red1 Nd5 19.Nd4 Bxb4 20.Nc2 Bc5 21.Bxe4 Qg5 22.Bf3 Rac8
23.Qb3 Rcd8 24.Rd3 Ba8 25.Rad1 Nc7 26.Rd7 Ne6 27.Bxa8 Rxa8 28.Nd4 Bxd4 29.Bxd4 Qh5
30.Qf3 Qxf3 31.exf3 Nxd4 32.R1xd4 Kf8 33.Rc7 Re7 34.Rdd7 Rxd7 35.Rxd7 a5
36.Rb7 Rc8  1/2-1/2

[Event "Leon op"]
[Site "Leon"]
[Date "1998.??.??"]
[Round "5"]
[White "Izeta Txabarri, Felix"]
[Black "Damaso, Rui"]
[Result "1-0"]
[WhiteElo "2475"]
[BlackElo "2440"]

1.d4 Nf6 2.Nf3 e6 3.c4 b6 4.g3 Ba6 5.b3 Bb7 6.Bg2 Bb4+ 7.Bd2 a5 8.O-O O-O
9.Qc2 Be4 10.Qb2 Nc6 11.a3 Be7 12.Bc3 a4 13.b4 b5 14.Nbd2 bxc4 15.Nxe4 Nxe4
16.Ne5 Nxe5 17.dxe5 Nxc3 18.Bxa8 Nb5 19.Bb7 d5 20.Bc6 c3 21.Qa2 Nd4 22.Bxa4 c5
23.bxc5 Bxc5 24.Bd1 Nc6 25.a4 Nxe5 26.a5 Nc4 27.a6 Ba7 28.Qb3 Qf6 29.Rc1 Bd4
30.e3 Nd2 31.Qb4 Bxe3 32.Qxc3 d4 33.Qc6 d3 34.Ba4 Nxf1 35.fxe3 Nxe3 36.a7 d2
37.Rb1 d1=Q+ 38.Rxd1 Qb2 39.a8=Q Ng4 40.Qxf8+ Kxf8 41.Qd6+  1-0

[Event "Ljubljana op"]
[Site "Ljubljana"]
[Date "1998.??.??"]
[Round "5"]
[White "Ftacnik, Lubomir"]
[Black "Podlesnik, Bogdan"]
[Result "1-0"]
[WhiteElo "2580"]
[BlackElo "2415"]

1.d4 Nf6 2.Nf3 e6 3.c4 b6 4.g3 Ba6 5.b3 d5 6.Bg2 dxc4 7.Ne5 Bb4+ 8.Kf1 Bd6
9.Nd2 Bxe5 10.dxe5 Ng4 11.Bb2 Nd7 12.Nxc4 Bxc4 13.bxc4 Ngxe5 14.Qd4 f6 15.f4 Nf7
16.Qe4 Rc8 17.Qxe6+ Qe7 18.Qxe7+ Kxe7 19.Kf2 Nd6 20.Rac1 Nc5 21.Ba3 f5 22.Rhd1 c6
23.Bxc5 bxc5 24.Rd3 Rc7 25.Re3+ Kf6 26.Re5 Re8 27.Rxc5 Ne4+ 28.Bxe4 Rxe4
29.Rc3 Re6 30.Re3 g6 31.Rxe6+ Kxe6 32.Ke3 Kd6 33.Ra5 Re7+ 34.Kd3 Rb7 35.h4 h5
36.e4 fxe4+ 37.Kxe4 Ke6 38.Kd4 Rd7+ 39.Kc5 Rd3 40.Kxc6 Rxg3 41.Re5+ Kf6 42.c5 Rg4
43.Kd6 Rxf4 44.c6 Rc4 45.Re4 g5 46.hxg5+ Kg6 47.c7  1-0

[Event "Miskolc Avas op"]
[Site "Miskolc"]
[Date "1998.??.??"]
[Round "6"]
[White "Kiss, Pal"]
[Black "Emodi, Barnabas"]
[Result "1/2-1/2"]
[WhiteElo "2440"]
[BlackElo "2375"]

1.d4 Nf6 2.c4 e6 3.Nf3 b6 4.g3 Ba6 5.b3 b5 6.cxb5 Bxb5 7.Bg2 Bc6 8.O-O Be7
9.Nc3 Ne4 10.Qc2 Nxc3 11.Qxc3 Be4 12.Bf4 c6 13.Ne5 Bxg2 14.Kxg2 O-O 15.Rac1 Na6
16.Nd3 Nc7 17.e4 Nb5 18.Qa1 f5 19.f3 Bf6 20.Be3 Bg5 21.Nf4  1/2-1/2

[Event "Montpellier opA"]
[Site "Montpellier"]
[Date "1998.??.??"]
[Round "2"]
[White "Saleh, Nabil"]
[Black "Rotstein, Arkadij"]
[Result "1-0"]
[WhiteElo "2285"]
[BlackElo "2485"]

1.d4 Nf6 2.c4 e6 3.Nf3 b6 4.g3 Ba6 5.b3 Bb7 6.Bg2 Bb4+ 7.Bd2 a5 8.O-O O-O
9.Bf4 Re8 10.a3 Bf8 11.Nc3 Na6 12.Qc2 d5 13.Ne5 c6 14.Rfd1 Rc8 15.Qb2 Nh5
16.Be3 g6 17.cxd5 exd5 18.Bh3 Rc7 19.Qd2 Bg7 20.Nf3 Rce7 21.Bh6 Bh8 22.Bf1 Nf6
23.Bg5 Nc7 24.e3 Ne6 25.Bxf6 Bxf6 26.Rac1 Qd6 27.b4 Ng5 28.Nxg5 Bxg5 29.Qb2 axb4
30.Qxb4 c5 31.dxc5 bxc5 32.Nb5 Qf6 33.Qxc5 Rxe3 34.Nd6  1-0

[Event "Montpellier opA"]
[Site "Montpellier"]
[Date "1998.??.??"]
[Round "5"]
[White "Dizdar, Goran"]
[Black "Epishin, Vladimir"]
[Result "1/2-1/2"]
[WhiteElo "2530"]
[BlackElo "2590"]

1.d4 Nf6 2.Nf3 e6 3.c4 b6 4.g3 Ba6 5.Nbd2 d5 6.Bg2 Be7 7.O-O O-O 8.Ne5 Bb7
9.cxd5 exd5 10.Qc2 Na6 11.Nc6 Qe8 12.Nxe7+ Qxe7 13.Nf3  1/2-1/2

[Event "RUS-Cup02"]
[Site "Moscow"]
[Date "1998.??.??"]
[Round "6"]
[White "Bogaudinov, Rushan"]
[Black "Mitenkov, Alexey"]
[Result "1/2-1/2"]
[WhiteElo "2165"]
[BlackElo "2435"]

1.d4 Nf6 2.c4 e6 3.Nf3 b6 4.g3 Ba6 5.b3 Bb4+ 6.Bd2 Be7 7.Bg2 Bb7 8.O-O O-O
9.Bc3 d5 10.Ne5 Na6 11.Nd2 c5 12.Re1 Rc8 13.Rc1 cxd4 14.Bxd4 Ba3 15.Rb1 Qe7
16.Bb2 Bxb2 17.Rxb2 Rfd8 18.Qb1 dxc4 19.Nexc4 b5 20.Bxb7 Qxb7 21.Ne3 Nb4
22.Rc1 h5 23.h4 a5 24.Rxc8 Rxc8 25.a3 Nbd5 26.Nxd5 Qxd5 27.Rc2 Rd8 28.Qc1 Kh7
29.Nf3 Ne4 30.b4 a4 31.Ng5+ Nxg5 32.hxg5 Kg6 33.Rc5 Qe4 34.e3 h4 35.Kh2 e5
36.Qc2 Qxc2 37.Rxc2 Rd3 38.Rc5 Rxa3 39.gxh4 f6 40.gxf6 gxf6 41.Rxb5 Rb3 42.Rb8 a3
43.Ra8 Rxb4 44.Rxa3 Rxh4+  1/2-1/2

[Event "Goldberg mem"]
[Site "Moscow"]
[Date "1998.??.??"]
[Round "7"]
[White "Danielian, Oganes"]
[Black "Sambuev, Bator"]
[Result "1/2-1/2"]
[WhiteElo "2450"]
[BlackElo "2365"]

1.d4 Nf6 2.Nf3 e6 3.c4 b6 4.g3 Ba6 5.Qa4 c5 6.Bg2 Bb7 7.dxc5 Bxc5 8.O-O O-O
9.Nc3 Ne4 10.Qc2 Nxc3 11.Qxc3 d5 12.Rd1 Qc8 13.b3 Nd7 14.Bb2 Nf6 15.e3 Rd8
16.Ne5 Be7 17.Rac1 dxc4 18.Rxd8+ Bxd8 19.Bxb7 Qxb7 20.Qxc4 Qd5 21.Qc6 Qxc6
22.Nxc6  1/2-1/2

[Event "Goldberg mem"]
[Site "Moscow"]
[Date "1998.??.??"]
[Round "11"]
[White "Danielian, Oganes"]
[Black "Korotylev, Alexey"]
[Result "1-0"]
[WhiteElo "2450"]
[BlackElo "2470"]

1.d4 Nf6 2.c4 e6 3.Nf3 b6 4.g3 Ba6 5.Qa4 c5 6.Bg2 Bb7 7.dxc5 Bxc5 8.O-O O-O
9.Nc3 Ne4 10.Nxe4 Bxe4 11.b4 Be7 12.Bf4 Nc6 13.a3 a5 14.b5 Bxf3 15.exf3 Nd4
16.Rfe1 Rc8 17.Rad1 Nf5 18.Bf1 Rc5 19.Bd3 Qc8 20.Qc2 g6 21.Qe2 Bf6 22.Bxf5 Rxf5
23.Bd6 Rd8 24.g4 Rc5 25.Bxc5 Qxc5 26.Rd3 d6 27.Qe4 Be7 28.f4 Bf8 29.Rf3 Rc8
30.f5 exf5 31.gxf5 Qxc4 32.fxg6 hxg6 33.Qxc4 Rxc4 34.Re8 d5 35.Rb8 d4 36.Rxb6 a4
37.Rc6  1-0

[Event "EU-ch U18"]
[Site "Murek"]
[Date "1998.??.??"]
[Round "2"]
[White "Halkias, Stelios"]
[Black "Postniy, Evgeny"]
[Result "0-1"]
[WhiteElo "2435"]
[BlackElo "2260"]

1.c4 Nf6 2.Nf3 e6 3.d4 b6 4.g3 Ba6 5.Qb3 c6 6.Bg5 d5 7.cxd5 cxd5 8.Bxf6 Qxf6
9.Nc3 Qe7 10.a3 Qb7 11.Bg2 Nd7 12.O-O Be7 13.Rfe1 O-O 14.Qd1 Rad8 15.Rc1 Qb8
16.e3 Bb7 17.b4 a6 18.Qb3 Rc8 19.Bf1 Qd6 20.Bd3 b5 21.e4 dxe4 22.Bxe4 Qb8
23.d5 Nf6 24.Nd2 Rcd8 25.Rcd1 Nxd5 26.Ne2 Nf6 27.Bb1 Qc7 28.Nf4 Bd6 29.Nd3 Qc6
30.f3 Qb6+ 31.Kg2 Ng4 32.Nf1 Be7 33.Qc2 Rc8 34.Qe2 Rfd8 35.Nf4 Nf6 36.Ne3 Rxd1
37.Rxd1 Rd8 38.Re1 Bd6 39.Nd3 Nd5 40.Ng4 Qd4 41.Nc5 Bxc5 42.Qc2 Bb6 43.Qxh7+ Kf8
44.Re5 Qxg4  0-1

[Event "Naantali op"]
[Site "Naantali"]
[Date "1998.??.??"]
[Round "?"]
[White "Tuominen, Risto"]
[Black "Veingold, Aleksandr"]
[Result "0-1"]
[WhiteElo "2190"]
[BlackElo "2475"]

1.d4 Nf6 2.c4 e6 3.Nf3 b6 4.g3 Ba6 5.Nbd2 Bb4 6.Qc2 Bb7 7.Bg2 Be4 8.Qb3 Bxd2+
9.Bxd2 d6 10.O-O Nbd7 11.Rad1 O-O 12.Rfe1 Qe7 13.a3 a5 14.Bc1 a4 15.Qc3 Rfd8
16.Bf1 c5 17.Ng5 Bb7 18.Nh3 h6 19.f3 d5 20.cxd5 Nxd5 21.Qc2 Rdc8 22.e4 cxd4
23.Qf2 Ne3 24.Bxe3 dxe3 25.Qxe3 Rc2 26.Rd2 Rxd2 27.Qxd2 Ne5 28.Be2 Ba6 29.Kg2 Rd8
30.Qc3 Bxe2 31.Rxe2 Qd6 32.Nf2 b5 33.Qa5 Nc6 34.Qc3 Nd4 35.Rd2 e5 36.Ng4 Qe6
37.Ne3 Rc8 38.Qb4 Qb3 39.Qxb3 axb3 40.Rd3 f6 41.Kh3 g6 42.Nd5 Kf7 43.Nc3 Ke6
44.Kg2 h5 45.f4 Rc6 46.Kf1 Rc4 47.Ne2 Nxe2 48.Kxe2 Rc2+ 49.Kf3 Rxb2  0-1

[Event "NOR-ch"]
[Site "Oslo"]
[Date "1998.??.??"]
[Round "5"]
[White "Fyllingen, Roy Harald"]
[Black "Agdestein, Simen"]
[Result "1/2-1/2"]
[WhiteElo "2390"]
[BlackElo "2570"]

1.d4 e6 2.Nf3 Nf6 3.c4 b6 4.g3 Ba6 5.Nbd2 Bb4 6.Qc2 Bb7 7.Bg2 Be4 8.Qb3 Bxd2+
9.Bxd2 h6 10.O-O O-O 11.Rfd1 d6 12.Qe3 Re8 13.Bc3 Nbd7 14.Bh3 Bc2 15.Re1 Bh7
16.Nd2 c5 17.dxc5 bxc5 18.Bg2 Rc8 19.Bb7 Rc7 20.Ba5 Nb6 21.Ba6 Ng4 22.Qb3 Qb8
23.Rad1 d5 24.cxd5 exd5 25.Rc1 c4 26.Qa3 Qd8 27.Bb5 Re6 28.Nf3 Qf6 29.Bc3 Qf5
30.h3 Nf6 31.Kg2 Ne4 32.Bd4 Ng5 33.Nxg5 Qxg5 34.Kh2 Rce7 35.Qf3 h5 36.h4 Qg4
37.Qxg4 hxg4 38.e3 Nc8 39.b3 Nd6 40.bxc4 Nxc4 41.Bxc4  1/2-1/2

[Event "Ostrava Cup"]
[Site "Ostrava"]
[Date "1998.??.??"]
[Round "2"]
[White "Shtyrenkov, Veniamen"]
[Black "Dydyshko, Viacheslav"]
[Result "0-1"]
[WhiteElo "2495"]
[BlackElo "2495"]

1.d4 Nf6 2.c4 e6 3.Nf3 b6 4.g3 Ba6 5.Qb3 d5 6.cxd5 exd5 7.Nc3 Be7 8.Bg2 O-O
9.O-O c6 10.Ne5 Bb7 11.Qa4 Qc8 12.Bf4 Na6 13.Rac1 c5 14.Bg5 Rd8 15.Rfd1 h6
16.Be3 Qe6 17.Nb5 Ne4 18.Nd3 Bf8 19.Nc3 Nxc3 20.bxc3 c4 21.Nf4 Qc6 22.Qc2 Nc7
23.Bd2 Re8 24.Re1 b5 25.f3 a5 26.e4 Rab8 27.Be3 b4 28.Bd2 Qb6 29.Rb1 Bc6
30.cxb4 axb4 31.Be3 Nb5 32.Qf2 Nc3 33.Rbc1 Qa5 34.exd5 Nxd5 35.Rxc4 Nxf4
36.Bxf4 Rxe1+ 37.Qxe1 Re8 38.Qd2 Bd5 39.Rc2 Ra8 40.Bc7 Qa7 41.f4 Bxg2 42.Kxg2 Rc8
43.Be5 Qb7+ 44.d5 Rxc2 45.Qxc2 Qxd5+ 46.Kh3 h5 47.Qb3 Qe4 48.Qd1 Qc4 49.Qd2 Qc6
50.Bd4 Qe4 51.Bf2 Kh7 52.Qd1 Qe6+ 53.f5 Qxa2 54.Qxh5+ Kg8 55.Bd4 Qc4 56.Qg4 b3
57.f6 Qe6 58.Bb2 Kh7 59.Kh4 gxf6 60.Qd4 Bh6 61.Qd3+ Kg7 62.Qf3  0-1

[Event "HUN-ch U14"]
[Site "Paks"]
[Date "1998.??.??"]
[Round "3"]
[White "Flumbort, Andras"]
[Black "Hudecz, Viktor"]
[Result "1/2-1/2"]
[WhiteElo "2225"]
[BlackElo "2135"]

1.d4 Nf6 2.c4 e6 3.Nf3 b6 4.g3 Ba6 5.b3 Bb4+ 6.Bd2 Be7 7.Bg2 c6 8.Bc3 d5
9.Ne5 Nfd7 10.Nxd7 Nxd7 11.Nd2 O-O 12.O-O Rc8 13.e4 c5 14.exd5 exd5 15.dxc5 dxc4
16.c6 cxb3 17.Re1 b2 18.Bxb2 Nc5 19.Ba3 Bb5 20.Nb3 Qc7 21.Rc1 Rfd8 22.Qg4 Re8
23.Bb2 Bf8 24.Nd4 Bd3 25.Nf5 Re6 26.Rxe6 Nxe6 27.Ne3 Bc5 28.Nd5 Qd6 29.Rd1 f5
30.Qa4 Bxf2+ 31.Kxf2 Qc5+ 32.Ne3 f4 33.Rxd3 fxe3+ 34.Rxe3 Rf8+ 35.Bf3 Ng5
36.Bd4 Qc1 37.Qb3+ Kh8 38.Qc3 Qh1 39.Bxg7+ Kg8 40.Qb3+ Kxg7 41.Re7+ Kh6 42.Re6+ Kg7
43.Re7+ Kh6 44.Re6+ Kg7 45.Re7+ Kh6 46.Re6+  1/2-1/2

[Event "HUN-ch U14"]
[Site "Paks"]
[Date "1998.??.??"]
[Round "8"]
[White "Flumbort, Andras"]
[Black "Mihalik, Agoston"]
[Result "1-0"]
[WhiteElo "2225"]
[BlackElo "2130"]

1.d4 Nf6 2.c4 e6 3.Nf3 b6 4.g3 Ba6 5.b3 Bb7 6.Bg2 Bb4+ 7.Bd2 a5 8.O-O O-O
9.Nc3 d6 10.Qc2 Nbd7 11.Rfe1 Bxc3 12.Bxc3 Be4 13.Qb2 c6 14.Nd2 Bxg2 15.Kxg2 b5
16.Qc2 Qc7 17.e4 d5 18.Rac1 Rfc8 19.e5 Ne8 20.c5 Qb7 21.a4 b4 22.Bb2 Nf8
23.f4 Qd7 24.Nf3 Ra7 25.Qd3 Nc7 26.Rc2 Re8 27.Bc1 Raa8 28.g4 Re7 29.f5 exf5
30.gxf5 g6 31.Kh1 Kh8 32.Bg5 Ne8 33.Bxe7 Qxe7 34.Qe3 gxf5 35.Qh6 Ne6 36.Rg1 Qf8
37.Qh4 Ra7 38.Rcg2 h6 39.Qg3 N8g7 40.Qh3 Kh7 41.Ng5+ Nxg5 42.Rxg5 f6 43.Rg6 h5
44.exf6 f4 45.fxg7 Rxg7 46.Qxh5+ Kg8 47.Rxg7+ Qxg7 48.Rxg7+ Kxg7 49.Qg4+ Kh8
50.Qxf4 Kg8 51.Qd6 Kf7 52.Qxc6 Ke7 53.Qxd5 Ke8 54.Qa8+ Kd7 55.Qxa5 Kc6 56.Qxb4 Kc7
57.d5 Kc8 58.h4 Kd8 59.a5 Kd7 60.Qb7+ Ke8 61.a6 Kf8 62.a7 Kg8 63.d6 Kf8 64.c6 Kg8
65.a8=R+  1-0

[Event "Pardubice Czech op"]
[Site "Pardubice"]
[Date "1998.??.??"]
[Round "3"]
[White "Ovsejevitsch, Sergei"]
[Black "Alienkin, Aleksander"]
[Result "1/2-1/2"]
[WhiteElo "2475"]
[BlackElo "2415"]

1.d4 Nf6 2.c4 e6 3.Nf3 b6 4.g3 Ba6 5.b3 Bb7 6.Bg2 Bb4+ 7.Bd2 a5 8.O-O O-O
9.Bc3 d5 10.cxd5 exd5 11.Bb2 Nbd7 12.a3 Bd6 13.Nc3 Re8 14.Rc1 Qe7 15.Re1 c6
16.a4 Bb4 17.e3 Ne4 18.Re2 f5 19.Rec2 Bd6 20.Ne1 Rf8 21.Nd3 Rae8 22.Nb1 Ndf6
23.Nd2 Ng4 24.Nf1 Qg5 25.Nf4 Ba6  1/2-1/2

[Event "Paris op"]
[Site "Paris"]
[Date "1998.??.??"]
[Round "7"]
[White "Avrukh, Boris"]
[Black "Komarov, Dimitri"]
[Result "1/2-1/2"]
[WhiteElo "2565"]
[BlackElo "2570"]

1.d4 Nf6 2.c4 e6 3.Nf3 b6 4.g3 Ba6 5.b3 Bb4+ 6.Bd2 Be7 7.Nc3 c6 8.e4 d5 9.e5 Ne4
10.Bd3 Nxc3 11.Bxc3 c5 12.dxc5 bxc5 13.Qe2 Bb7 14.Rd1 d4 15.Be4 Qc7 16.Bd2 Nd7
17.O-O h6 18.h4 a5 19.Rfe1 Ra7 20.Qd3 a4 21.Bxb7 Qxb7 22.b4 cxb4 23.Nxd4 O-O
24.Nb5 Ra6 25.Qb1 Nb6 26.Bxb4 Nxc4 27.Bxe7 Qxe7  1/2-1/2

[Event "HUN-ch op"]
[Site "Pecs"]
[Date "1998.??.??"]
[Round "1"]
[White "Ivan, Zoltan"]
[Black "Farago, Ivan"]
[Result "0-1"]
[WhiteElo "2220"]
[BlackElo "2475"]

1.d4 Nf6 2.c4 e6 3.Nf3 b6 4.g3 Ba6 5.b3 d5 6.Bg2 dxc4 7.Ne5 Bb4+ 8.Bd2 cxb3
9.axb3 Bxd2+ 10.Qxd2 Nd5 11.Nc3 O-O 12.O-O Bb7 13.Rfc1 c6 14.Nxd5 cxd5 15.Qf4 Na6
16.Nc4 Nb4 17.Nd6 Bc6 18.Rc3 Qd7 19.e4 dxe4 20.Rxc6 Nxc6 21.Bxe4 Rad8 22.Qh4 f5
23.Bxc6 Qxd6 24.d5 exd5 25.Bb5 a5 26.Rd1 Qb4 27.Bc4 Kh8 28.Rxd5 Rxd5  0-1

[Event "HUN-ch op"]
[Site "Pecs"]
[Date "1998.??.??"]
[Round "2"]
[White "Krizsany, Laszlo"]
[Black "Kadar, Gabor"]
[Result "1-0"]
[WhiteElo "2410"]
[BlackElo "2235"]

1.d4 Nf6 2.c4 e6 3.Nf3 b6 4.g3 Ba6 5.b3 Bb7 6.Bg2 Bb4+ 7.Bd2 a5 8.O-O O-O
9.a3 Bxd2 10.Qxd2 d6 11.Nc3 Nbd7 12.Qc2 Qe7 13.e4 e5 14.d5 g6 15.Ne1 Ne8
16.Nd3 Ng7 17.f4 f5 18.Rae1 Rab8 19.exf5 gxf5 20.fxe5 dxe5 21.Nb5 e4 22.Qc3 c6
23.dxc6 Bxc6 24.Nd4 Bb7 25.Nf4 Rbe8 26.Nc2 Qe5 27.Qxe5 Nxe5 28.Ne3 Rd8 29.Rd1 a4
30.bxa4 Ba6 31.Rb1 Rd6 32.Rfc1 Nd3 33.Nxd3 Rxd3 34.Rxb6 Bc8 35.Nd5 Rxa3 36.Rb8 Kf7
37.Nb6 Be6 38.Rxf8+ Kxf8 39.c5 Ne8 40.Bf1 Ke7 41.Bc4 Bxc4 42.Rxc4 Ra1+ 43.Kf2 Nf6
44.h3 Ra2+ 45.Ke1 e3 46.c6  1-0

[Event "HUN-ch op"]
[Site "Pecs"]
[Date "1998.??.??"]
[Round "2"]
[White "Seres, Lajos"]
[Black "Kragelj, Igor"]
[Result "1-0"]
[WhiteElo "2445"]
[BlackElo "2310"]

1.d4 Nf6 2.c4 e6 3.Nf3 b6 4.g3 Ba6 5.Nbd2 c5 6.Bg2 Nc6 7.dxc5 Bxc5 8.O-O O-O
9.a3 Be7 10.b4 Bb7 11.Bb2 Rc8 12.Qb3 d6 13.Rfd1 Rc7 14.Rac1 Rd7 15.Qc2 h6
16.Nb3 Qc7 17.e4 Rc8 18.Qe2 Qb8 19.Ne1 Rdd8 20.Nd3 Nd7 21.b5 Nce5 22.Nb4 Nc5
23.Nd4 a5 24.bxa6 Nxa6 25.f4 Nxb4 26.axb4 Nc6 27.Nxc6 Bxc6 28.b5 Ba8 29.Bd4 Qc7
30.Qb2 Bf8 31.Be3 Be7 32.Qf2 Rb8 33.h4 Rdc8 34.g4 g6 35.g5 h5 36.f5 exf5
37.exf5 Bxg2 38.Kxg2 Qb7+ 39.Kg1 Qe4 40.f6 Bf8 41.Rd4 Qe8 42.Qf3 Ra8 43.Bf2 Ra4
44.Re1 Qd7 45.Qd3 Qc7 46.Rde4 Raa8 47.Qd4 Qc5 48.Qxc5 dxc5 49.Bg3 Kh7 50.Rd1 Ra7
51.Re2 Kg8 52.Red2  1-0

[Event "HUN-ch op"]
[Site "Pecs"]
[Date "1998.??.??"]
[Round "8"]
[White "Ivan, Zoltan"]
[Black "Kragelj, Igor"]
[Result "0-1"]
[WhiteElo "2220"]
[BlackElo "2310"]

1.d4 Nf6 2.c4 e6 3.Nf3 b6 4.g3 Ba6 5.b3 Bb4+ 6.Bd2 Be7 7.Bg2 c6 8.O-O d5
9.Bc3 O-O 10.Nbd2 Nbd7 11.Re1 c5 12.e4 dxc4 13.bxc4 cxd4 14.Nxd4 Ne5 15.Nxe6 fxe6
16.Bxe5 Bc5 17.Qe2 Bxf2+ 18.Qxf2 Ng4 19.Qd4 Nxe5 20.Qxe5 Qxd2 21.Qxe6+ Kh8
22.Rad1 Qxa2 23.e5 Bxc4 24.Qh3 Rad8 25.Be4 h6 26.Qg4 Qf2+ 27.Kh1 Be2 28.Qxe2 Qxe2
29.Rxe2 Rxd1+ 30.Kg2 g5 31.Bc6 Rf7 32.Kh3 Rd4 33.e6 Re7 34.Bd7 Kg7 35.Rc2 Re4
36.Rc8 a5 37.Rc6 Rb4 38.Rd6 Kf6 39.Rc6 Rb2 40.Kg4 Rh7 41.e7+ Kxe7 42.Bf5 Rh8
43.h3 a4 44.Re6+ Kf7 45.Re3 b5 46.Kh5 b4 47.Be6+ Kg7 48.Bd5 b3 49.Re7+ Kf6
50.Re6+ Kf5 51.Re4 Rd2 52.g4+ Kf6 53.Re6+ Kf7 54.Bc4 Rd4 55.Re4+ Rxc4 56.Rxc4 b2  0-1

[Event "World op"]
[Site "Philadelphia"]
[Date "1998.??.??"]
[Round "9"]
[White "Epishin, Vladimir"]
[Black "Blocker, Calvin"]
[Result "1-0"]
[WhiteElo "2590"]
[BlackElo "2380"]

1.d4 Nf6 2.c4 e6 3.Nf3 b6 4.g3 Ba6 5.Qb3 Nc6 6.Bd2 Bb7 7.Bc3 Ne4 8.a3 d5
9.Bg2 Be7 10.O-O O-O 11.Rd1 Nxc3 12.Qxc3 Bf6 13.cxd5 exd5 14.Qc2 Ne7 15.Nc3 c6
16.Rac1 g6 17.b4 a6 18.e3 Nf5 19.a4 Be7 20.b5 f6 21.bxc6 Bxc6 22.Qb3 Kh8
23.Ne1 b5 24.axb5 Rb8 25.Rb1 axb5 26.Nxd5 Bxd5 27.Bxd5 Bd6 28.Bg2 Ne7 29.Nd3 Qb6
30.Rdc1 Rfc8 31.Rxc8+ Nxc8 32.h4 Kg7 33.h5 Ne7 34.Bf3 g5 35.Qe6 h6 36.Bd5 Nxd5
37.Qxd5 b4 38.Qf5 Bf8 39.Rc1 Qd8 40.Rc6 Qe7 41.Nc5 b3 42.Rc7 Qxc7 43.Ne6+  1-0

[Event "World op"]
[Site "Philadelphia"]
[Date "1998.??.??"]
[Round "9"]
[White "Bonin, Jay R"]
[Black "Murzin, Lenar"]
[Result "1-0"]
[WhiteElo "2390"]
[BlackElo "2240"]

1.d4 Nf6 2.c4 e6 3.Nf3 b6 4.g3 Ba6 5.Nbd2 Bb7 6.Bg2 c5 7.e4 cxd4 8.Nxd4 d6
9.O-O Nbd7 10.Re1 Qc7 11.b3 Be7 12.Bb2 a6 13.Nb1 O-O 14.Nc3 Rac8 15.Rc1 Qb8
16.f4 Rfe8 17.f5 Bd8 18.fxe6 fxe6 19.Bh3 Nf8 20.a4 N6d7 21.Nce2 Bg5 22.Nf4 Nc5
23.Qg4 Bxf4 24.gxf4 Ng6 25.Re3 Bxe4 26.Rxe4 Nxe4 27.Nxe6 Qb7 28.Nxg7 b5 29.Nxe8 Rxe8
30.Bd4 Nd2 31.Bg2 Re4 32.cxb5 Rxf4 33.Rc8+ Kf7 34.Bxb7 axb5 35.Be3 bxa4 36.Bxf4  1-0

[Event "Pula op"]
[Site "Pula"]
[Date "1998.??.??"]
[Round "6"]
[White "Kempinski, Robert"]
[Black "Grosar, Aljosa"]
[Result "1-0"]
[WhiteElo "2520"]
[BlackElo "2470"]

1.d4 Nf6 2.c4 e6 3.Nf3 b6 4.g3 Ba6 5.b3 Bb4+ 6.Bd2 Be7 7.Bg2 c6 8.Bc3 d5
9.Ne5 Nfd7 10.Nxd7 Nxd7 11.Nd2 O-O 12.O-O Rc8 13.e4 b5 14.Re1 dxc4 15.bxc4 bxc4
16.Qa4 Bb5 17.Qc2 Re8 18.a4 Ba6 19.Rad1 Bf8 20.Nf1 Qb6 21.Rb1 Qc7 22.f4 Rb8
23.Ne3 Rxb1 24.Rxb1 Rb8 25.Rxb8 Qxb8 26.e5 Qb7 27.a5 Bb4 28.Kf2 Qb5 29.Bxb4 Qxb4
30.Bxc6 Nb8 31.Be4 g6 32.d5 exd5 33.Bxd5 Qxa5 34.e6 fxe6 35.Bxe6+ Kf8 36.Qb2 Qb6
37.Qf6+ Ke8 38.Qf7+ Kd8 39.Qf8+ Kc7 40.Qe7+ Kc6 41.Bd5+ Kb5 42.Qa3 Qc5 43.Qb2+ Qb4
44.Bxc4+ Ka5 45.Qa1+ Qa4 46.Qe5+ Bb5 47.Qxb8 Bxc4 48.Qc7+  1-0

[Event "Regensburg op"]
[Site "Regensburg"]
[Date "1998.??.??"]
[Round "7"]
[White "Inkiov, Ventzislav"]
[Black "Jauernig, Udo"]
[Result "1-0"]
[WhiteElo "2495"]
[BlackElo "2245"]

1.d4 Nf6 2.c4 e6 3.Nf3 b6 4.g3 Ba6 5.Qa4 c5 6.Bg2 Bb7 7.dxc5 bxc5 8.Nc3 Be7
9.O-O O-O 10.Bf4 Nh5 11.Be3 a6 12.Rad1 Qb6 13.Qc2 Nf6 14.b4 Bc6 15.Rb1 Ng4
16.Bxc5 Bxc5 17.bxc5 Qxc5 18.Ne4 Qh5 19.h3 Ne5 20.Nxe5 Qxe5 21.Rfd1 d5 22.Nc5 Rc8
23.Nd3 Qf5 24.cxd5 exd5 25.Rdc1 Nd7 26.Nf4 Qxc2 27.Rxc2 Nf6 28.Rxc6 Rxc6
29.Nxd5 Nxd5 30.Bxd5 Rcc8 31.Bxa8 Rxa8 32.a4 g5 33.Rb6 Kg7 34.a5 Ra7 35.Kg2 h6
36.Kf3 Ra8 37.e4 f6 38.h4 gxh4 39.gxh4 h5 40.Kf4 Ra7 41.Kf5  1-0

[Event "ISL-chT9899"]
[Site "Reykjavik"]
[Date "1998.??.??"]
[Round "?"]
[White "Petursson, Margeir"]
[Black "Hjartarson, Johann"]
[Result "1/2-1/2"]
[WhiteElo "2535"]
[BlackElo "2630"]

1.d4 Nf6 2.c4 e6 3.Nf3 b6 4.g3 Ba6 5.Nbd2 c5 6.Bg2 Nc6 7.Qa4 Bb7 8.dxc5 Bxc5
9.O-O Qc8 10.Nb3 Be7 11.Bf4 O-O 12.Rfd1 Rd8 13.Bd6 Bxd6 14.Rxd6 Ne4 15.Rdd1 d6
16.Nfd4  1/2-1/2

[Event "Rio de Janeiro"]
[Site "Rio de Janeiro"]
[Date "1998.??.??"]
[Round "3"]
[White "Matlak, Marek"]
[Black "Miranda, Marcio MC"]
[Result "1-0"]
[WhiteElo "2430"]
[BlackElo "2300"]

1.d4 e6 2.Nf3 Nf6 3.c4 b6 4.g3 Ba6 5.Qb3 Bb7 6.Bg2 Be7 7.Nc3 O-O 8.O-O d5
9.cxd5 exd5 10.Bf4 Na6 11.Rac1 c6 12.Rfd1 Nh5 13.Bd2 Kh8 14.e4 Nf6 15.Ne5 Nc7
16.exd5 cxd5 17.Nb5 Nxb5 18.Qxb5 Ne4 19.Bb4 Bxb4 20.Qxb4 f6 21.Nd3 Re8 22.Qa4 Re7
23.Rc2 Qe8 24.Qa3 a5 25.Qb3 Qd8 26.Nf4 Qd6 27.Bf1 Rd8 28.Rdc1 g5 29.Ng2 Qe6
30.f3 Nd6 31.Qxb6 Rde8 32.Re1 Qd7 33.Rxe7 Rxe7 34.Qxa5 Nc4 35.Qb4 Kg7 36.b3 Nd6
37.Re2 Rxe2 38.Bxe2 Qe6 39.Bd3 Bc8 40.a4 Bd7 41.a5 g4 42.fxg4 Ne4 43.Nf4 Qxg4
44.Kg2 Ng5 45.Qe7+ Kg8 46.Qe2  1-0

[Event "SWE-ch"]
[Site "Ronneby"]
[Date "1998.??.??"]
[Round "1"]
[White "Hellsten, Johan"]
[Black "Astrom, Robert"]
[Result "1-0"]
[WhiteElo "2460"]
[BlackElo "2460"]

1.d4 Nf6 2.Nf3 e6 3.c4 b6 4.g3 Ba6 5.Nbd2 c5 6.e4 cxd4 7.e5 Ng4 8.Bg2 Nh6
9.h3 Nc6 10.O-O Be7 11.a3 O-O 12.b4 Bb7 13.Ne4 Nxb4 14.Nf6+ Bxf6 15.exf6 Nc6
16.Bg5 Qc7 17.Bxh6 gxh6 18.Qd2 Kh8 19.Qxh6 Rg8 20.Ng5 Rxg5 21.Be4 Rxg3+ 22.fxg3 Qxg3+
23.Kh1  1-0

[Event "ESP-chT"]
[Site "Salamanca"]
[Date "1998.??.??"]
[Round "2"]
[White "Garcia Ilundain, David"]
[Black "Garcia Padron, Jose"]
[Result "1-0"]
[WhiteElo "2485"]
[BlackElo "2460"]

1.d4 Nf6 2.Nf3 e6 3.c4 b6 4.g3 Ba6 5.b3 b5 6.cxb5 Bxb5 7.Bg2 Bb4+ 8.Bd2 a5
9.Ne5 Ra7 10.a3 Bxd2+ 11.Qxd2 d5 12.O-O O-O 13.Rc1 Qd6 14.Nc3 Rb7 15.e4 dxe4
16.Nxe4 Nxe4 17.Bxe4 Rb6 18.Qc3 Ba6 19.Nc4 Bxc4 20.bxc4 Ra6 21.c5 Qd7 22.Rd1 g6
23.Rab1 Ra7 24.d5 exd5 25.Bxd5 Qf5 26.c6 a4 27.Rb5 Ra8 28.Rd3 Na6 29.Rf3 Qc8
30.h4 Qd8 31.h5 gxh5 32.Bc4 Qe7 33.Re5 Qd8 34.Rd5 Qe7 35.Re3  1-0